| 000 | 00359nam a22001457a 4500 | ||
|---|---|---|---|
| 082 | _aP-523 | ||
| 100 |
_aIqbal _917522 |
||
| 245 | _aPlanning, estimating and scheduling of 64xBOQs at Risalpur/ | ||
| 260 |
_aRisalpur: _bMCE _cc2013 |
||
| 300 |
_a127p,; _c26cm |
||
| 526 |
_a0 _b0 _c0 _dP_523 |
||
| 650 | _aProject | ||
| 700 | _aSohail Malik | ||
| 942 |
_2ddc _cBK |
||
| 999 |
_c551295 _d551295 |
||